LEADER 00605nab a2200145 i 4500 001 000000311033 003 CaOOAMICUS 005 20180831173025.0 008 180831n xx uu u0 0und r 013 $a20123 040 $aSeMil$bita 100 1 $aParocchi, Lucido Maria .$0(OLS)http://semarc/name/2302 245 10$aIndirizzo di auguri al Santo Padre, a nome del Sacro Collegio dei Cardinali (23 dicembre 1898) 773 0 $t[Luglio-Dicembre].$g489$w()274045 996 $6245$aIndirizzo di auguri al Santo Padre, a nome del Sacro Collegio dei Cardinali (23 dicembre 1898)$9(OLS)http://semarc/title/385718 LEADER 01146nam a2200241 i 4500 001 000000071469 003 CaOOAMICUS 005 20081128000000.0 008 081128s1938 xx u000 u fre u 013 $a42641 040 $aSeMil$bita 100 1 $aGuitton, Jean,$d<1901-1999>.$0(OLS)http://semarc/name/848 245 10$aParalleles :$bRenan et Newman /$c[Jean Guitton]. 260 $aAix :$bImpr. d'Editions provençales,$c1938. 300 $a147 p. ;$c22 cm. 500 $aNome dell'A. in cop. - In testa al front.: Cours de philosophie religieuse a l'usage du temps present. 600 14$aNewman, John Henry <1801-1890>.$0(OLS)http://semarc/subject/2835 650 4$aRenan, Ernest <1823-1892>.$0(OLS)http://semarc/subject/9232 773 0 $aGuitton, Jean <1901-1999>$tPensée moderne et le catholicisme.$dAix : Impr. d'Editions provençales, 1938-$g[2$w()20402 850 $aSeMil 852 $aSeMil$W1$xVenegono$y1$m2P IV 181$j37622$B37622$CSeMilBibl$Z2$F37625 $81 996 $6245$aParalleles :$bRenan et Newman$9(OLS)http://semarc/title/114923 996 $6260$aAix :$bImpr. d'Editions provençales$9(OLS)http://semarc/publisher/35310